000 00551nam a2200193 u 4500
005 20240228063921.0
008 080409s2005 r 000 0 eng d
020 _a842635808X
035 _aUPN01000155341
049 _aI
050 4 _aPZ71
_bN6.2
100 1 _aNovoa, Teresa,
_d1955-
_939032
245 1 0 _aA pasear /
_cTeresa Novoa.
260 _aZaragoza, Esp. :
_bEdelvives,
_c2005.
300 _a[10] p. :
_bprincipalmente il. col.
440 0 _aVida cotidiana.
_pPequeteca
650 4 _aLibros y lectura para niƱos
_92290
905 _aInfantil
999 _c127456
_d127456